Minecraft Biomes - Statistics

General Stats
  • This quiz has been taken 80 times
  • The average score is 23 of 64
Answer Stats
Biome % Correct
Forest
88%
Plains
87%
Taiga
73%
Desert
72%
Jungle
65%
Warm Ocean
63%
Ocean
62%
The End
62%
Birch Forest
60%
Savanna
60%
Swamp
55%
Dark Forest
53%
Ice Spikes
53%
Badlands
52%
Beach
50%
Cold Ocean
48%
Deep Ocean
48%
River
47%
Snowy Plains
45%
Soul Sand Valley
45%
Warped Forest
45%
Flower Forest
43%
Lukewarm Ocean
43%
Nether Wastes
40%
Crimson Forest
38%
Mangrove Swamp
38%
Frozen Ocean
37%
Deep Dark
35%
Pale Garden
35%
Snowy Taiga
35%
Basalt Deltas
33%
Cherry Grove
33%
Sunflower Plains
33%
Meadow
32%
Lush Caves
28%
Bamboo Jungle
27%
Deep Cold Ocean
25%
Dripstone Caves
23%
Jagged Peaks
23%
Stony Shore
23%
Deep Frozen Ocean
22%
Grove
22%
Mushroom Fields
22%
Windswept Hills
22%
Deep Lukewarm Ocean
20%
Old Growth Birch Forest
20%
Stony Peaks
20%
Frozen River
18%
Old Growth Pine Taiga
18%
Old Growth Spruce Taiga
18%
Windswept Forest
18%
Wooded Badlands
18%
Sparse Jungle
17%
Windswept Savanna
17%
End Highlands
15%
Eroded Badlands
15%
Snowy Beach
15%
Snowy Slopes
15%
End Midlands
13%
Frozen Peaks
13%
Windswept Gravelly Hills
13%
Savanna Plateau
12%
End Barrens
10%
Small End Islands
8%
No matching quizzes found
Score Distribution
Percent of People with Each Score
Percentile by Number Answered
Your Score History
You have not taken this quiz